000 00640nam a2200229 a 4500
005 20210219152953.0
008 991125n 000 0 u
035 _aUPN01000069815
100 _aPichler, Eva
222 _aECONOMICS OF EDUCATION REVIEW
245 _aCost-sharing of general and specific training with depreciation of human capital
300 _a117-124
362 _a12, No. 2, 1993
505 _aNoviembre 1993
653 0 _aCAPITAL HUMANO
653 0 _aCOSTOS
653 0 _aECONOMIA EDUCATIVA
653 0 _aFORMACION PARA EL TRABAJO
653 0 _aPRODUCTIVIDAD
904 _aAC
_b007626
905 _aArticulo
999 _c65106
_d65106